Statistics for Mortal Kombat X All Characters (Including DLC)

Click here to take the quiz!

General Stats

  • This quiz has been taken 564 times
  • The average score is 21 of 33

Answer Stats

HintAnswer% Correct
Scorpion
92%
Sub-Zero
90%
Johnny Cage
86%
Jax
83%
Alien
81%
Cassie Cage
79%
Sonya Blade
78%
Liu Kang
76%
Kung Lao
75%
Kitana
74%
Raiden
74%
Predator
68%
Mileena
67%
Leatherface
66%
Reptile
62%
Shinnok
60%
Tanya
59%
D'Vorah
58%
Ermac
58%
Kenshi
58%
Bo' Rai Cho
57%
Jacqui Briggs
57%
Quan Chi
57%
Takeda
57%
Kung Jin
56%
Erron Black
55%
Goro
54%
Kano
54%
Jason Voorhees
51%
Tri-Brog
50%
Tremor
48%
Ferra/Torr
45%
Kotal Khan
42%

Score Distribution

Percentile by Number Answered

Percent of People with Each Score

Your Score History

You have not taken this quiz